| 000 | 00574nam a2200193 u 4500 | ||
|---|---|---|---|
| 005 | 20250830123454.0 | ||
| 008 | 180413s2016 r 000 0 eng d | ||
| 020 | _a9786077850724 | ||
| 035 | _aUPN01000223988 | ||
| 049 | _aCG | ||
| 050 | 4 |
_aPN56 A8.9 _bG8.7 |
|
| 100 | 1 |
_aGutiérrez Flores, Daniela _942106 |
|
| 245 | 1 | 0 |
_aRetrospectiva DEMAC : _bmujeres hechas de palabras / _cDaniela Gutiérrez Flores. |
| 260 |
_aMéxico : _bDEMAC, _c2016. |
||
| 300 |
_a68 p. : _bil. col. |
||
| 650 | 2 |
_aAutobiografía - _xMujeres autoras _926985 |
|
| 905 | _aLibro | ||
| 999 |
_c196085 _d196085 |
||